To design a vertical combustion chamber for measuring maximum adiabatic combustion temperature for liquid and gaseous fuels (Record no. 322833)

000 -LEADER
fixed length control field 00461 a2200133 4500
001 - CONTROL NUMBER
control field 87760
082 ## - DEWEY DECIMAL CLASSIFICATION NUMBER
Classification number PR 137
090 ## - LOCALLY ASSIGNED LC-TYPE CALL NUMBER (OCLC); LOCAL CALL NUMBER (RLIN)
-- 41219
-- 41219
100 ## - MAIN ENTRY--PERSONAL NAME
Personal name Daniyal Saeed, Plt Off 15228; M Fahad, Plt Off 15342
245 ## - TITLE STATEMENT
Title To design a vertical combustion chamber for measuring maximum adiabatic combustion temperature for liquid and gaseous fuels
260 ## - PUBLICATION, DISTRIBUTION, ETC.
Place of publication, distribution, etc. Risalpur
Name of publisher, distributor, etc. NUST Risalpur
Date of publication, distribution, etc. 2010
300 ## - PHYSICAL DESCRIPTION
Extent 72p.
Accompanying material Eubaid John, Wg Cdr
500 ## - GENERAL NOTE
General note BE Project Reports
942 ## - ADDED ENTRY ELEMENTS (KOHA)
Institution code [OBSOLETE] CAE NUST
Call number prefix PR 137
Holdings
Withdrawn status Lost status Damaged status Not for loan Collection code Permanent Location Current Location Date acquired Total Checkouts Full call number Barcode Date last seen Price effective from Koha item type
          College of Aeronautical Engineering (CAE) College of Aeronautical Engineering (CAE) 04/03/2017   PR 137 CAEPR-137 04/05/2017 04/05/2017 Book
© 2023 Central Library, National University of Sciences and Technology. All Rights Reserved.